Officia propria SS. Summorum Pontificum Sanctae Romanae Ecclesiae aliorumque sanctorum vel beatorum omnibus vel pluribus dioecesibus concessa quae kalendarium clero romano proprium sequuntur. Pars verna

Detalles Bibliográficos
Autor Corporativo: Iglesia Católica
Formato: Libro
Lenguaje:Latin
Publicado: Ratisbonae ; Neo Eboraci & Cincinnatii : sumptibus, chartis et typis Friderici Pustet, S. Sedis Apost. et S. Rit. Congr. typogr., 1888.
Edición:Editio prima post typicam
Materias:
Colección:Banco de datos
Acervo:Seminario Conciliar de Nuestra Señora de Guadalupe Querétaro. Qro.. Biblioteca Florencio Rosas. Fondo Histórico
Descripción Física:40 p. ; 28 cm.
Tema general:Liturgia - Oficios
Notas:Texto con corondel central
LEADER 00925nam a22002050004500
035 |a 5400 
041 0 |a lat 
110 1 |a Iglesia Católica 
245 1 0 |a Officia propria SS. Summorum Pontificum Sanctae Romanae Ecclesiae aliorumque sanctorum vel beatorum omnibus vel pluribus dioecesibus concessa quae kalendarium clero romano proprium sequuntur. Pars verna 
250 |a Editio prima post typicam 
260 |a Ratisbonae ; Neo Eboraci & Cincinnatii : sumptibus, chartis et typis Friderici Pustet, S. Sedis Apost. et S. Rit. Congr. typogr., 1888.  
300 |a 40 p. ; 28 cm.  
500 |a Texto con corondel central 
501 |a 5 obras  
504 |a Incluye índice de contenido 
650 1 0 |a Liturgia - Oficios 
949 |a Fondo Histórico: 12696-E 
942 |c Q.R.H.T 
943 |g Seminario Conciliar de Nuestra Señora de Guadalupe Querétaro. Qro.. Biblioteca Florencio Rosas. Fondo Histórico 
999 |c 1086855  |d 1086855